Manures and fertilisers (Record no. 362274)

MARC details
000 -LEADER
fixed length control field 004610000a22001810004500
060 ## - NATIONAL LIBRARY OF MEDICINE CALL NUMBER
Classification number 100
082 ## - DEWEY DECIMAL CLASSIFICATION NUMBER
Classification number 631.8 YAW
100 ## - MAIN ENTRY--PERSONAL NAME
Personal name Agarwal, J.P.
100 ## - MAIN ENTRY--PERSONAL NAME
Personal name Bokde, S.
100 ## - MAIN ENTRY--PERSONAL NAME
Personal name Yawalkar, K S
245 ## - TITLE STATEMENT
Title Manures and fertilisers
250 ## - EDITION STATEMENT
Edition statement 4
260 ## - PUBLICATION, DISTRIBUTION, ETC. (IMPRINT)
Place of publication, distribution, etc. Nagpur, Agri - horticultural publishing house
260 ## - PUBLICATION, DISTRIBUTION, ETC. (IMPRINT)
Date of publication, distribution, etc. 1977
300 ## - PHYSICAL DESCRIPTION
Extent 356
650 ## - SUBJECT ADDED ENTRY--TOPICAL TERM
Topical term or geographic name as entry element Plant nutrition/ organic manures/ commercial fertilizers/ mixed fertilizers
942 ## - ADDED ENTRY ELEMENTS (KOHA)
Koha item type Books (General)
Holdings
Withdrawn status Lost status Damaged status Not for loan Home library Current library Date acquired Total Checkouts Full call number Barcode Date last seen Price effective from Koha item type
        College of Agriculture, Vellayani College of Agriculture, Vellayani 02/05/2014   631.8 YAW KAU_COAV-17177 02/05/2014 02/05/2014 Books (General)
Kerala Agricultural University Central Library
Thrissur-(Dt.), Kerala Pin:- 680656, India
Ph : (+91)(487) 2372219
E-mail: librarian@kau.in
Website: http://library.kau.in/